Ο βόρειος ελληνισμός κατά την πρώιμη φάση του μακεδονικού αγώνα (1878-1894) : απομνημονεύματα Αναστάσιου Πηχεώνα

Saved in:
Bibliographic Details
Main Author: Βακαλόπουλος, Κωνσταντίνος Α., 1951-
Format: Book
Language:Greek
Published: Θεσσαλονίκη : Ίδρυμα μελετών Χερσονήσου του Αίμου, 1983
Series:Ίδρυμα Μελετών Χερσονήσου του Αίμου (Εταιρεία Μακεδονικών Σπουδών) ; 196
Subjects:
Tags: Add Tag
No Tags, Be the first to tag this record!

MARC

LEADER 00000cam a2200000 i 4500
001 1/48755
008 040217s1983 gr | ||| |||| ||gre||
035 |l 10072302 
040 |a GR-MY-UA  |b gre  |e aacr 
041 0 |a gre 
082 0 |a 938.664 
100 1 |a Βακαλόπουλος, Κωνσταντίνος Α.,   |d 1951- 
245 1 2 |a Ο βόρειος ελληνισμός κατά την πρώιμη φάση του μακεδονικού αγώνα (1878-1894) :  |b απομνημονεύματα Αναστάσιου Πηχεώνα /  |c Κωνσταντίνου Α. Βακαλόπουλου 
260 |a Θεσσαλονίκη :   |b Ίδρυμα μελετών Χερσονήσου του Αίμου,   |c 1983 
300 |a 497 σ. 
490 1 |a Ίδρυμα Μελετών Χερσονήσου του Αίμου  |v ; 196 
651 0 |a Macedonia (Greece)  |x History. 
830 0 |a Ίδρυμα Μελετών Χερσονήσου του Αίμου (Εταιρεία Μακεδονικών Σπουδών)  |v ; 196 
852 |a INST  |b RHODES  |c AKA  |e 20040217  |h  938.664 ΒΑΚ  |p 005400019694  |q 005400019694  |t BK  |y 0 
901 |a BIBL4-2004-1 
909 |a Ρ  |b 105085 
970 |a ΚΟΥΛΑΚΙΟΤΗ  |b ΛΙΤΣΑ  |z 2004/02/17